| 000 | 00403 a2200121 4500 | ||
|---|---|---|---|
| 001 | ART_13932 | ||
| 005 | 20260410161911.0 | ||
| 008 | 260409a | ||
| 245 | 1 | 0 | _aThe trade off between real wages and employment in an open economy (Belgium) |
| 100 | 1 | _aModigliani, Franco | |
| 700 | 1 | _aDréze, Jacques H. | |
| 773 | 0 |
_tEuropean economic review _g- Vol. 15, Nº 1 (ene. 1981) _wREV13346 |
|
| 999 |
_c26867 _d26867 |
||